03438nam a22002537a 4500003000900000005001700009008003500026020001800061040002200079082003200101100004200133245010100175260005800276300001800334490004100352500005800393505237400451651005502825651006302880651005802943651009103001700003203092710006003124DO-SdBNP20230815131907.0220318b2012 ||| |||| 00| 0 spa d a9789945074611 aBPMSUbspacBPMSU 4a327.97293bM798t 2012 2221 aMontolío, Julio Andrésd1867-193413aEl Tratado de Ryswick y otros temas / cAndrés Julio Montolío; editor: Andrés Blanco Diaz  aSanto Domindo:bArchivo General de la Nación,c2012 a499 p ;c23cm0 aArchivo General de la Nación,v171 aIncluye datos biográficos del autor en las solapas0 aPresentación, 13.-- Con motivo de La alimentación y las razas, 19.-- La contra de la tarifa aduanera, 25.-- Varios temas, 33.-- Sobre ley de imprenta, 53.-- Cartas públicas, 61.-- Organización de partidos, 69.-- Resumen de una cuestión (Diferendo domínico-haitiano), 93.-- El tratado de Ryswick y la isla de Santo Domingo, 127.-- Frente a una acusación, 147.-- Emancipaciones y emancipadores, 197.-- Otros temas. La vida nueva, por José Enrique Rodó, 217.-- Perfiles, 221.-- Derribemos, 229.-- Personal, 231.-- Disentimos, 235.-- Perfidia yanqui, 237.-- Algo sobre Haití, 241.-- Preparémonos, 247.-- Sobre la memoria de relaciones exteriores, 249.-- Discurso, 255.-- La reforma arancelaria, 259.-- Galería de retratos, 261.-- Sobre instrucción, 265.-- Pequeñeces, 267.-- Patrióticas, 271.-- De política, 277.-- Realidades, 279.-- Entre dos miedos, 281.-- Justicia, 285.-- Siluetas, 289.-- De la guerra, 293.-- De la guerra, 297.-- De la guerra, 301.-- Angel Lizardo, 303.-- De la guerra, 305.-- De la guerra, 309.-- De la guerra, 313.-- Lecturas bibliográficas, 317.-- Divagando, 321.-- Nuestro Himno, 325.-- Discurso, 327.-- Dos palabras, 333.-- La reconquista de América, por Ramón Orbea, 337.-- Antiguos conocidos (Pedro C. Salcedo), 339.-- Antiguos conocidos (Alberto Duboy), 341.-- Antiguos conocidos (Manuel Pimentes Coronel), 343.-- Acción política Andrés :"to be or not to be", 345.-- La cosa no es de hoy , 347.-- Obras del padre Meriño, 351.-- Monólogo, 361.-- 16 de Agosto, 365.-- ¡Ha muerto!, 367.-- De política...científica, 369.-- Notas bibliográficas, 375.-- Mi tío Barbassou, 377.-- Discurso, 379.-- Carta abierta, 385.-- Post scriptum, 391.-- Contestación, 395.-- Obra interesante, 399.-- De jueves a jueves, 403.-- Un folleto interesante, 407.-- Las cenizas del descubridor, 411.-- Descentralización y personalismo, por Marino A. Cestero, 413.-- La nueva constitución, 417.-- Bibliografía, 419.-- Nota bibliográfica, 421.-- Cuestiones trascendentales, 423.-- Del derecho público, 429.-- Fisonomía de una inteligencia, 431.-- En el margen de una carta, 437.-- Día de la patria, 443.-- Fragmentos de una conferencia, 445.-- Doctor Adolfo A. Nouel, 451.-- El 1º de diciembre, 455.-- La soberanía y el tratado, 457.-- Discurso, 461.-- Discurso, 469.-- Índice onomástico, 479. 4aRepública Dominicana vTratados Internacionales  4aRepública Dominicana xPolítica y gobierno 4aRepública Domicana xLimites zHaití. 4aRepública Dominicana xTratados zRelaciones internacionales.1 aAndrés Blanco Díazeed.2 aArchivo General de la Nación (República Dominicana)